000 00367nam a22001577a 4500
003 MPLRDC
005 20220104143003.0
008 210129b ||||| |||| 00| 0 eng d
082 _a448.866 WGZ
100 _a吴观周编著
245 _a怎样了解收音机
_c
260 _a
_b大光出版社
_c1959
300 _b
650 _a
942 _cBK
_o448.866 WGZ
999 _c35534
_d35524